| 000 | 00835nas a2200265 4500 | ||
|---|---|---|---|
| 001 | BR2013003535 | ||
| 003 | BR-BrBNA | ||
| 005 | 20231205122302.0 | ||
| 007 | ta | ||
| 008 | 230509b bl.|||p| |||| 00| 00por d | ||
| 040 |
_aBR-BrBNA _bpor _cBiblioteca Nacional de Agricultura |
||
| 041 | _a(Pt) | ||
| 072 | _aK10 | ||
| 100 | 1 | _aRibeiro, S.C. | |
| 100 | 1 | _aBoletlho, S.A. | |
| 100 | 1 | _aFontes, M.A.L. | |
| 100 | 1 | _aGarcia, P.O. | |
| 100 | 1 | _aAlmeida, H. de S. | |
| 245 | 1 | _aRegeneração natural em áreas desmatadas e dominadas por Pteridium aquilinum (L.)Kuhn. na Serra da Mantiqueira | |
| 650 | _aSAMAMBAIA DOS PASTOS | ||
| 650 | _aREGENERAÇÃO NATURAL | ||
| 773 | 0 |
_tCerne (Brazil) _xISSN 0104-7760 _g(Jan-Mar 2013), V. 19(1) p. 65-76 _wBR2013003535 |
|
| 909 |
_a202311 _bLúcia _c55 _dLúcia Elande |
||
| 942 |
_2AGRIS _n0 _cANA |
||
| 999 |
_c227872 _d227872 |
||